000
00299nam a2200121Ia 4500
008
150201s1997 xx 000 0 und d
082
_a
610
_b
P97U
100
_a
UDWADIA,FE
245
_a
PRINCIPLES OF CIRITICAL CARE
260
_b
OXFORD
_a
DELHI
_c
1997
650
_a
COMMUNITY MEDICINE
942
_2
ddc
_c
BK
999
_c
1216
_d
1216